Dependent Territories and Similar Entities - Statistics

General Stats
  • This quiz has been taken 61 times
  • The average score is 26 of 64
Answer Stats
Nation Territory % Correct
United States Guam
76%
New Zealand Niue
76%
Australia Christmas Island
73%
Denmark Faroe Islands
73%
Denmark Greenland
70%
United States Puerto Rico
70%
Netherlands Aruba
67%
United Kingdom Bermuda
67%
Norway Svalbard
67%
United States U. S. Virgin Islands
67%
New Zealand Cook Islands
64%
Netherlands Curaçao
64%
United Kingdom Isle of Man
64%
United Kingdom Jersey
64%
France New Caledonia
64%
France French Polynesia
61%
United Kingdom Gibraltar
61%
China Hong Kong
61%
United Kingdom Guernsey
58%
Finland Åland
55%
United States American Samoa
55%
United Kingdom Falkland Islands
55%
China Macau
55%
Netherlands Sint Maarten
55%
New Zealand Tokelau
55%
France Saint Martin
52%
United Kingdom British Virgin Islands
48%
United Kingdom Cayman Islands
48%
United States Northern Mariana Islands
48%
United Kingdom Anguilla
45%
Australia Norfolk Island
45%
United Kingdom Pitcairn Islands
45%
United Kingdom British Indian Ocean Territory
42%
United Kingdom Montserrat
42%
France Saint Barthélemy
39%
France Saint Pierre and Miquelon
36%
France Wallis and Futuna
36%
Norway Bouvet Island
33%
United States Johnston Atoll
30%
United Kingdom Turks and Caicos Islands
30%
New Zealand Ross Dependency
24%
United Kingdom British Antarctic Territory
21%
United States Howland Island
21%
United States Midway Atoll
21%
United States Wake Island
21%
Australia Ashmore and Cartier Islands
18%
United States Baker Island
18%
Australia Cocos (Keeling) Islands
18%
France French Southern and Antarctic Lands
18%
United States Jarvis Island
18%
Norway Queen Maud Land
18%
United Kingdom South Georgia and the South Sandwich Islands
18%
United States Navassa Island
15%
Norway Peter I Island
15%
Australia Australian Antarctic Territory
12%
Australia Coral Sea Islands
12%
Australia Heard Island and McDonald Islands
12%
United States Kingman Reef
12%
United Kingdom Saint Helena, Ascension and Tristan da Cunha
12%
France Clipperton Island
9%
United Kingdom Akrotiri and Dhekelia
6%
United States Bajo Nuevo Bank
3%
United States Serranilla Bank
3%
Grenada Carriacou and Petite Martinique
0%
No matching quizzes found
Score Distribution
Percent of People with Each Score
Percentile by Number Answered
Your Score History
You have not taken this quiz